| 000 | 00000nam 2200000zi 4500 |
| 001 | 9.945092 |
| 003 | CaOODSP |
| 005 | 20250131153851 |
| 006 | m o d f |
| 007 | cr cn |||||||| |
| 008 | 241112t20252025qucd obs f000 0 eng d |
| 020 | |a9780660744582 |
| 040 | |aCaOODSP|beng|erda|cCaOODSP |
| 043 | |an-cn--- |
| 086 | 1 |aEn4-144/83-2024E-PDF |
| 245 | 00|aCanadian environmental sustainability indicators : |bchanges in the status of wildlife species at risk. |
| 246 | 30|aChanges in the status of wildlife species at risk |
| 250 | |a[January 2025 edition]. |
| 264 | 1|aGatineau QC : |bEnvironment and Climate Change Canada = Environnement et changement climatique Canada, |cJanuary 2025. |
| 264 | 4|c©2025 |
| 300 | |a1 online resource (13 pages) : |bcharts |
| 336 | |atext|btxt|2rdacontent |
| 337 | |acomputer|bc|2rdamedia |
| 338 | |aonline resource|bcr|2rdacarrier |
| 500 | |aIssued also in French under title: Indicateurs canadiens de durabilité de l'environnement : changement de statut des espèces sauvages en péril. |
| 504 | |aIncludes bibliographical references. |
| 650 | 0|aEndangered species|zCanada|vStatistics. |
| 650 | 0|aEnvironmental indicators|zCanada. |
| 655 | 7|aStatistics|2lcgft |
| 710 | 1 |aCanada. |bEnvironment and Climate Change Canada, |eissuing body. |
| 775 | 08|tIndicateurs canadiens de durabilité de l'environnement : |w(CaOODSP)9.945091 |
| 795 | |tCanadian environmental sustainability indicators : |b[December 2023 edition]|w(CaOODSP)9.929439 |
| 856 | 40|qPDF|s349 KB|uhttps://publications.gc.ca/collections/collection_2025/eccc/en4/En4-144-83-2024-eng.pdf |
| 856 | 4 |qHTML|sN/A|uhttps://www.canada.ca/en/environment-climate-change/services/environmental-indicators/changes-status-wildlife-species-risk.html |